| 000 | 01054nam a22003617a 4500 | ||
|---|---|---|---|
| 001 | BR8600142 | ||
| 003 | BR-BrBNA | ||
| 005 | 20230928092217.0 | ||
| 007 | ta | ||
| 008 | 230509b bl.||||| |||| 00| 0 por d | ||
| 040 |
_aBR-BrBNA _bpor _cBiblioteca Nacional de Agricultura |
||
| 041 | _a(Por) | ||
| 072 |
_aF01 _b1900 _b/G514 |
||
| 090 | _ 1900 BR8600142 | ||
| 100 | 1 | _aPrimavesi, A. | |
| 245 | 1 | _aManejo ecologico de pastagens: em regioes tropicais e subtropicais | |
| 246 | 1 | _a[Ecological management of pastures: in tropical and subtropical areas] | |
| 260 | 3 |
_aSao Paulo, SP (Brasil): _bNobel, _c1985. |
|
| 300 | _a184 p. | ||
| 500 | _a47 tables; Bibliography p. 180-184 (112 ref.); 76 illus.; 14 graphs | ||
| 650 | _aPASTAGEM | ||
| 650 | _aMANEJO | ||
| 650 | _aPLANTIO | ||
| 650 | _aADUBACAO | ||
| 650 | _aENSILAGEM | ||
| 650 | _aFENACAO | ||
| 650 | _aPRAGA DE PLANTA | ||
| 650 | _aDEFICIENCIA MINERAL | ||
| 650 | _aREGIAO TROPICAL | ||
| 650 | _aREGIAO SUBTROPICAL | ||
| 909 |
_a202309 _bLucia _c55 _dLucia Elande |
||
| 942 | _cBK | ||
| 999 |
_c37712 _d37712 |
||